000 00713 a2200181 4500
999 _c4508
_d4508
010 _aENG-86379
020 _a817188511X
_c495.00
035 _aEN-69912
037 _bDBAD / PUB
082 1 4 _a382.92
245 1 _aUses and misuses of anti-dumping provisions in world trade:
_ced. by Bibek Debroy [and] Debashis Chakraborty
_ba cross-country perspective /
260 _aNew Delhi
_bAcademic Foundation
_c2006
270 _a4772-73/23 Bharat Ram Road, (23 Ansari Road), Darya Ganj,
_bNew Delhi
_cNew Delhi
_e110 002
_k23245001
_l91-11-23245005
_macademic@vsnl.com
300 _a145p.
_c23cm (Hb)
700 _aDebroy, Bibek
700 _aChakraborty, Debashis
942 _adpl
_cEN
_2ddc
_h382.92
_mUSE